| 000 | 00473nam a2200133Ia 4500 | ||
|---|---|---|---|
| 008 | 171207s9999 xx 000 0 und d | ||
| 100 | _aLupton, Deborah | ||
| 245 | 4 | _aThe datafied child: The dataveillance of children and implications for their rights | |
| 245 | _cDeborah Lupton, Ben Williamson | ||
| 260 | _c2017 | ||
| 300 | _apages 780-94, May 2017 | ||
| 440 |
_aNew Media & Society _v19:5 |
||
| 650 | _aCHILDREN, DATAFICATION, DIGITAL DATA, EDUCATION, PARENTS, RIGHTS | ||
| 999 |
_c347540 _d347540 |
||